000 00448 a2200121 4500
001 ART_41522
005 20260410162023.0
008 260409a
245 1 0 _aLegitimación activa en las alternativas "cuasi" impugnativas de la fecha inicial de la insolvencia
100 1 _aJunyent Bas, Francisco
700 1 _aMolina Sandoval, Carlos A.
773 0 _tRevista de las sociedades y concursos
_g- Nº 28 (mayo/jun. 2004)
_wREV41519
999 _c33301
_d33301